=LDR 00000nam 2200000 4500 =001 INLIS000000000038219 =005 20130612143909 =008 ***********************************Ind** =035 ##$$0010-061300000038219 =041 ##$$a Ind =082 ##$$a 635 =090 ##$$a 635, San s =100 ##$$a Sanusi, Benny =245 ##$$a Sukses bertanam sayuran di lahan sempit, Benny Sanusi ; penyunting, Topan Nixon =260 ##$$a 2009 $b Bandung =300 ##$$a viii, 83 hlm, ilus, 18 cm =650 ##$$a Sayuran-Budidaya =850 ##$$a NBPNMAT =990 ##$$a 21400613/BPAP-NTB/20142014 =990 ##$$a 21400613/BPAP-NTB/20142014 =990 ##$$a 0001/BPAP-NTB/20142014 =990 ##$$a 0001/BPAP-NTB/20142014 =990 ##$$a 0001/BPAP-NTB/20142014 =990 ##$$a 1045910459 =990 ##$$a 21400613/BPAP-NTB/20142014 =990 ##$$a 21400613/BPAP-NTB/20142014 =990 ##$$a 0001/BPAP-NTB/20142014 =990 ##$$a 0001/BPAP-NTB/20142014 =990 ##$$a 0001/BPAP-NTB/20142014 =990 ##$$a 01201710459